00750nam a2200205 i 450000100060000000300090000600500170001500700030003200800410003502000180007608000260009410000370012024500440015726000550020130000380025650000790029485200330037399900170040695201210042398518ES-MaACL20231229063025.0t|050929s1990 phl ||||1| spa d a971-538-000-X a821.134.2(599)-31"18"1 aRizal, José,d1861-189699774913aEl filibusterismo / cpor José Rizal. aManila : bInstituto Nacional de Historia, c1990. aIV, 286, 46 p. : bil. ; c23 cm. aImpresión al offset de la Edición Príncipe impresa en Gante en 1891. aES-MaACLjF-13509 bR.136498 c98518d98518 00104070aATENEOMbATENEOMcSPP2d2008-01-17eSCl0oF-13509p1102853r2023-02-23 00:00:00w2023-02-23yMONOGRAFIA